[Event "Ostravsky Konik-A 2019"]
[Site "Ostrava"]
[Date "2019.04.27"]
[Round "1.1"]
[White "Zilinskas, Vaidotas"]
[Black "Sernecki, Franciszek"]
[Result "0-1"]
[WhiteElo "2016"]
[BlackElo "2259"]
[Annotator "TA"]
[PlyCount "104"]
[EventDate "2019.04.27"]
[EventType "swiss"]
[EventCountry "CZE"]
[SourceTitle "playchess.com"]
[Source "ChessBase"]
[SourceQuality "1"]

{[%evp 9,104,-39,-37,-35,-27,-42,-27,-49,-38,-41,-27,-58,-43,-58,-54,-54,-62,-52,-54,-43,-54,-78,-74,-72,-44,-92,-92,-97,-83,-157,-90,-77,-69,-66,-66,-147,-106,-156,-131,-132,-138,-131,-105,-183,-158,-177,-167,-163,-169,-142,67,70,60,-21,164,158,156,172,148,156,152,36,72,26,62,0,88,13,94,95,89,69,83,18,6,6,20,-8,-8,-227,-227,-227,-227,-222,-204,-29979,-29980,-29980,-29981,-29981,-29982,-29981,-29982,-29994,-29995,-29995,-234]} 1. c4 e6 2. g3 d5 3. Bg2 Nf6 4. Nc3 d4 5. Ne4 Nxe4 6. Bxe4 {A17: English Opening: 1...Nf6 with ...Bb4} Be7 (6... a5 7. Bg2 e5 8. d3 Bb4+ 9. Bd2 O-O 10. Nf3 Nc6 11. O-O Bg4 12. a3 Bxd2 13. Qxd2 {1-0 (44) Haznedaroglu,K (2473)-Jobava,B (2672) Dubai 2016}) 7. d3 O-O 8. Bd2 {Black has an edge.} c5 $146 ({Predecessor:} 8... Nd7 9. Nh3 f5 10. Bg2 e5 11. f4 exf4 12. Nxf4 {1-0 (26) Kovacs,A (2062)-Adam,Z (1879) Hungary 2013}) 9. a3 a5 10. b3 Nc6 11. Nf3 Bd6 12. O-O Bd7 13. Ne1 f5 14. Bg2 $1 e5 15. Nc2 Qe7 16. Rb1 e4 17. Re1 Rae8 18. Qc1 h6 19. Qb2 (19. b4 $142) 19... h5 (19... f4 $142 {Strongly threatening ...e3.} 20. Bxe4 fxg3 21. fxg3 Bh3) 20. b4 $17 axb4 21. axb4 b6 22. b5 (22. bxc5 $15 bxc5 23. Qc1) 22... Nd8 23. Qc1 Nf7 24. Ra1 Bc8 25. Ra3 h4 26. e3 (26. Bf4 $17 {was necessary.}) 26... hxg3 27. hxg3 Bb7 28. exd4 cxd4 29. Ra7 Bb8 $2 (29... Ne5 $17 30. dxe4 Nd3 {[%mdl 64] Double Attack}) 30. Bb4 $36 {[%mdl 2048] White fights for an advantage.} Nd6 31. Qa3 (31. Bxd6 $14 Bxd6 32. Nxd4) 31... Rd8 $2 {[#]} (31... Qf6 $11 {and Black stays safe.} 32. Rxb7 Nxb7 33. Bxf8 Rxf8) 32. Rxb7 $1 $18 ({Don't do} 32. Nxd4 $6 Bxa7 33. Qxa7 Qf6 $16) 32... Qxb7 33. Nxd4 Rf6 34. Nc6 {[%mdl 1024] White has strong compensation.} Re8 35. Qb3 (35. Qa6 $16) 35... Kh8 36. d4 Nf7 37. Bc3 (37. Bd2 $14) 37... Ng5 {[#]} (37... f4 $1 $11 38. d5 (38. Rxe4 Rxe4 39. Bxe4 fxg3 $11) 38... Rh6) 38. Bd2 (38. d5 $1 $16) 38... Nf7 (38... Ne6 $11 {keeps the balance.}) 39. Nxb8 Rxb8 40. Bf4 Rc8 $1 41. g4 (41. Be3 $16) 41... fxg4 $11 42. Rxe4 {And now Re8+! would win.} Qd7 43. Qe3 {Re7 is the strong threat.} Rxc4 44. Bg5 $2 (44. Re8+ $11 {and White is okay.} Kh7 45. Re7 Qxd4 46. Be4+ g6 47. Qxd4 Rxd4 48. Be5 Rxe4 49. Bxf6 Rxe7 50. Bxe7) 44... Nxg5 $19 {[%mdl 64] Overworked Piece} 45. Qxg5 {aiming for Qh5+.} Rxd4 46. Qh5+ Rh6 47. Re8+ $2 (47. Rxd4 $19 Qxd4 48. Qe8+ Kh7 49. Be4+ g6 50. Kg2) 47... Kh7 $1 {Black mates.} 48. Qe5 Rd1+ 49. Bf1 Rxf1+ 50. Kg2 Qb7+ 51. Kxf1 Rh1+ 52. Ke2 Qf3+ 0-1

[Event "Ostravsky Konik-A 2019"]
[Site "Ostrava"]
[Date "2019.04.27"]
[Round "1.2"]
[White "Matras, Ondrej"]
[Black "Frank, Adam"]
[Result "1/2-1/2"]
[WhiteElo "2221"]
[BlackElo "2015"]
[Annotator "TA"]
[PlyCount "104"]
[EventDate "2019.04.27"]
[EventType "swiss"]
[EventCountry "CZE"]
[SourceTitle "playchess.com"]
[Source "ChessBase"]
[SourceQuality "1"]

{[%evp 9,104,50,61,44,77,80,81,69,84,75,108,87,99,91,108,87,79,85,100,84,95,67,80,62,69,73,67,59,68,62,60,54,157,156,153,155,167,100,110,66,58,45,52,0,0,0,5,0,0,0,0,0,0,0,0,0,0,0,0,0,0,0,0,0,0,0,0,0,0,0,0,0,22,24,8,8,8,8,15,9,24,0,14,0,0,0,74,74,77,80,73,0,8,0,84,0,234]} 1. d4 d6 2. e4 Nf6 3. f3 g6 4. c4 Nbd7 (4... e5 5. Ne2 c5 6. d5 Nbd7 7. Nbc3 a6 8. a4 Nh5 9. g3 Bg7 10. h4 f5 11. exf5 gxf5 {½-½ (27) So,W (2788)-Nepomniachtchi,I (2729) London 2017}) 5. Nc3 c5 6. Nge2 {B07: Pirc Defence: Miscellaneous Systems} cxd4 7. Nxd4 Bg7 8. Be3 {White is better.} a6 9. Qd2 Qc7 10. Rc1 O-O $146 ({Predecessor:} 10... Ne5 11. Be2 Bd7 12. O-O Rc8 13. Nd5 Nxd5 14. cxd5 {1-0 (30) Magyar,O (2217)-Szabo,L (1981) Hungary 2013}) 11. Be2 e6 12. O-O Ne5 13. b3 Bd7 14. Rfd1 Rfd8 15. Bf1 Be8 16. h3 Rac8 17. Qf2 Qe7 18. f4 Nc6 19. Nf3 Nd7 20. Na4 Nc5 (20... Nf6 $14) 21. Nxc5 $16 dxc5 22. Bxc5 Qf6 {[#]} 23. Be3 (23. Rxd8 $1 $18 Nxd8 24. g3) 23... e5 24. fxe5 Nxe5 25. Kh1 {Bg5 is the strong threat.} Nxf3 26. Qxf3 ({Better is} 26. gxf3 $14 Bc6 27. c5) 26... Bc6 $11 27. Bd3 Qe6 28. Bc2 Re8 29. Rf1 f5 30. Rcd1 Bxe4 31. Bxe4 Qxe4 32. Bb6 Qxf3 33. Rxf3 Re6 34. Bg1 Rce8 35. Rfd3 Re1 36. g3 Bf6 37. Rxe1 Rxe1 {[%mdl 4096] Endgame KRB-KRB} 38. a4 Kf7 39. Kg2 g5 40. Bc5 {Threatening Rd7+.} g4 41. hxg4 fxg4 42. Rd7+ {[%mdl 64] Double Attack} Kg6 43. Rxb7 {Black should prevent Rb6.} Re2+ 44. Kf1 Ra2 $1 45. Rd7 Kf5 46. Rd3 h5 47. Bf2 h4 (47... Be5 $11 {keeps the balance.}) 48. gxh4 $16 Ke4 {[#]} 49. Re3+ $1 Kf4 {White must now prevent ...Rxf2+!} 50. Rd3 (50. Re2 $16 Ra3 51. Be3+ Kf5 52. h5) 50... Ke4 $1 $11 {[%cal Re4d3]} 51. Re3+ ({White should try} 51. Rd1 $11) 51... Kf4 $16 {Strongly threatening ...Rxf2+!} 52. Rd3 (52. Re2 $16 Ra3 53. Be3+ Kf5 54. h5) 52... Ke5 $2 {Accuracy: White = 63%, Black = 58%.} (52... Ke4 $1 $11 {and Black has nothing to worry.} 53. Re3+) 1/2-1/2

[Event "Ostravsky Konik-A 2019"]
[Site "Ostrava"]
[Date "2019.04.27"]
[Round "1.3"]
[White "Laurincova, Kristyna"]
[Black "Vesely, Libor"]
[Result "0-1"]
[WhiteElo "2014"]
[BlackElo "2214"]
[Annotator "TA"]
[PlyCount "84"]
[EventDate "2019.04.27"]
[EventType "swiss"]
[EventCountry "CZE"]
[SourceTitle "playchess.com"]
[Source "ChessBase"]
[SourceQuality "1"]

{[%evp 20,132,18,-3,39,4,17,2,21,0,0,0,0,0,6,0,11,0,0,0,16,5,6,-5,-17,-13,-11,-26,8,-87,-54,-97,-76,-102,0,-140,-130,-184,-181,-179,-189,-184,-175,-182,-187,-185,-183,-178,-174,-202,-216,-250,-171,-236,-203,-209,-209,-220,-223,-247,-244,-238,-238,-241,-218,-266,-259,-311,-306,-339,-339,-346,-335,-343,-276,-274,-268,-261,-258,-269,-264,-267,-256,-269,-255,-332,-320,-316,-243,-397,-389,-408,-404,-417,-360,-380,-333,-431,-439,-469,-460,-1537,-1564,-1344,-1257,-1381,-929,-1412,-1475,-2260,-1869,-6079,-1170,-29982,-29977]} 1. e4 c5 2. Nf3 Nc6 3. d4 cxd4 4. Nxd4 g6 5. Nc3 Bg7 6. Be3 Nf6 7. Bc4 O-O 8. Bb3 d6 9. h3 Bd7 10. O-O Na5 11. f4 Bc6 {B72: Sicilian Dragon: 6 Be3, lines with h3+Bc4 and sidelines} (11... Qc7 12. Qe2 a6 13. Qf2 Rac8 14. Nf3 Nxb3 15. axb3 Qc6 16. Nd2 Nh5 17. Nd5 Rce8 18. Nc4 Nf6 19. Na5 {½-½ (44) Olofsson,D (2535)-Pheby,I (2621) ICCF email 2005}) 12. e5 $146 ({Predecessor:} 12. Qd3 Nxb3 13. axb3 Qc7 14. Nxc6 Qxc6 15. Ra4 Nd7 16. Nd5 Rfe8 17. Rc4 Nc5 18. Bxc5 dxc5 19. b4 {0-1 (56) Mellema,A (2138)-Hazenberg,F (1957) Bussum 2011}) 12... Ne8 13. Nxc6 bxc6 {The position is equal.} 14. exd6 Nxd6 15. Bd4 Bxd4+ 16. Qxd4 Qb6 17. Qf2 Rfd8 18. Na4 Qxf2+ 19. Rxf2 Ndc4 20. Re2 e6 21. Re4 Nb6 22. Nc5 Rd2 23. Rc1 $1 Rad8 24. Nd3 (24. Ree1 $11 {remains equal.}) 24... Nb7 ({Much weaker is} 24... Nxb3 $6 25. axb3 a5 26. Kf1 $11) 25. Re5 a5 {aiming for ...a4.} 26. a4 Nd5 (26... Rd4 $17) 27. Bc4 (27. Kf1 $11) 27... Nd6 $17 28. Bxd5 (28. Ba6 $17) 28... cxd5 $19 29. Re3 Rc8 30. Ne1 Rd4 31. Ra1 Rxf4 32. Rb3 Rfc4 33. Rb6 R4c6 34. Rxc6 Rxc6 {[%mdl 4096] Endgame KRN-KRN} 35. b3 Nf5 36. Rd1 (36. b4 $142) 36... Rc3 37. Kf2 Kf8 38. Rd3 Rc7 39. Ke2 Ke7 40. Kd2 Nd6 41. Kc1 Ne4 42. Kb2 Kd6 {Played: Rc7-b7} 0-1

[Event "Ostravsky Konik-A 2019"]
[Site "Ostrava"]
[Date "2019.04.27"]
[Round "1.4"]
[White "Ruzicka, Petr"]
[Black "Trybus, Daniel"]
[Result "1-0"]
[WhiteElo "2202"]
[BlackElo "1914"]
[Annotator "TA"]
[PlyCount "101"]
[EventDate "2019.04.27"]
[EventType "swiss"]
[EventCountry "CZE"]
[SourceTitle "playchess.com"]
[Source "ChessBase"]
[SourceQuality "1"]

{[%evp 12,101,22,8,35,28,33,28,25,-22,39,-5,0,0,0,-8,-5,-4,28,10,13,6,13,18,62,85,85,70,93,55,56,59,59,59,57,37,37,0,0,-14,83,0,0,-24,0,0,0,-79,-72,-77,-66,-66,-40,-93,-103,-90,-102,-172,-90,-94,-102,-100,227,-45,0,-72,-33,-43,-40,-39,-39,-62,-43,-47,0,0,0,0,0,0,6,-82,-52,-309,-309,-304,579,579,1012,1012,946,929]} 1. Nf3 Nf6 2. g3 g6 3. Bg2 Bg7 4. O-O O-O 5. c4 d6 6. Nc3 e5 7. d3 Qe7 {A24: English Opening vs King's Indian: Lines without ...Nc6} (7... Re8 8. Rb1 a5 9. Nd2 Nbd7 10. a3 h5 11. b4 axb4 12. axb4 h4 13. Nde4 Nh7 14. Bb2 f5 15. Nd2 Ndf6 16. b5 hxg3 17. hxg3 {½-½ (37) Alekseev,E (2639)-Grischuk,A (2771) St Petersburg 2018}) 8. Rb1 c6 9. b4 d5 $146 {White has an edge.} ({Predecessor:} 9... h6 10. b5 c5 11. Ne1 Be6 12. Nc2 Qd7 13. Ne3 Bh3 14. Ned5 Nxd5 15. Nxd5 Bxg2 16. Kxg2 {½-½ (45) Hoang,T (2325)-Tran,A Hue 1999}) 10. e4 {[%cal Re4d5]} Rd8 (10... d4 $11 11. Ne2 Na6) 11. Qe2 dxc4 12. dxc4 Na6 13. a3 Nc7 14. Be3 a5 15. Bc5 $36 {[%mdl 2048] White is pushing.} Qe8 16. Bb6 axb4 17. Bxc7 Rd7 18. Bxe5 bxc3 19. Bxc3 Rxa3 20. Qb2 Rxc3 $1 21. Qxc3 Nxe4 22. Qe3 Re7 {Hoping for ...Nxg3!} 23. Qa3 Nc3 24. Rfe1 Ne2+ $1 25. Kf1 Bf5 (25... Be6 $1 $11 26. Qc5 Nc3) 26. Rbd1 (26. Rb3 $1 $16) 26... Be6 $1 $11 {[%cal Re6c4]} 27. Qd3 b5 28. cxb5 cxb5 29. Nd2 (29. Qd8 $11 Bc4 30. Qxe8+ Rxe8 31. Nd2 Nxg3+ 32. Kg1 Ne2+ 33. Kf1 Ng3+ {[%mdl 64] Discovered Attack (Double check)} 34. Kg1 Ne2+ 35. Kf1 Ng3+ {[%mdl 64] Discovered Attack (Double check)}) 29... Nc3 $1 $17 {[%mdl 1024] aiming for ...Rd7. Black has strong compensation.} 30. Ra1 Rd7 31. Qc2 Rd8 32. Ra6 (32. Ra7 $15) 32... b4 33. Raxe6 fxe6 34. Bh3 {[#]} (34. Bf3 $17 {was necessary.}) 34... Qb5+ (34... Qc6 $1 $19 {[%cal Rc6h1]} 35. Bg2 Qb5+ 36. Kg1 Ne2+ 37. Kh1 Nd4) 35. Kg1 Ne2+ 36. Kg2 e5 $2 {[%mdl 8192]} (36... Nd4 $17 {stays on course.} 37. Qe4 b3 38. Bxe6+ Kh8) 37. Nf3 $2 (37. Be6+ $18 Kh8 38. Qc7) 37... Nd4 (37... Nc3 {is more complex.} 38. Ng5 Qd5+ 39. Kg1 Re8 40. Ne4 Nxe4 41. Qxe4 Qxe4 42. Rxe4 Bf8) 38. Qe4 (38. Nxd4 $11 {keeps the balance.} exd4 39. Re7) 38... Qc6 (38... Kh8 {seems wilder.} 39. Nxd4 exd4 40. Kg1 d3 41. Bf1 b3) 39. Qxc6 Nxc6 40. Be6+ Kf8 41. Ng5 h6 42. Ne4 Rb8 43. Bd5 Nd4 {...b3 is the strong threat.} 44. Ra1 b3 {And now ...b2 would win.} 45. Ra7 $1 {[%cal Ra7f7]} Nf5 46. Nc5 (46. Rf7+ $1 $11 Ke8 47. g4 Nh4+ {[#]} 48. Kg3 $1 {[%mdl 512]}) 46... b2 47. Nd7+ $2 {[%mdl 8192]} ({White must play} 47. Ne6+ $15 Kg8 48. Nxg7+ Kh8 49. Nxf5) 47... Ke8 $19 48. Bf7+ Kd8 $4 {[%mdl 8192]} (48... Kxf7 $19 {avoids the disaster.} 49. Nxb8+ Ke6) 49. Nxb8 $18 {White threatens Nc6+ and mate.White is clearly winning.} Kc8 50. Nc6 {[%cal Rf7e6]} Nd4 51. Bxg6 {Accuracy: White = 37%, Black = 48%.} 1-0

[Event "Ostravsky Konik-A 2019"]
[Site "Ostrava"]
[Date "2019.04.27"]
[Round "1.5"]
[White "Stalmach, Richard"]
[Black "Halldorsson, Jon Arni"]
[Result "1-0"]
[WhiteElo "1991"]
[BlackElo "2163"]
[Annotator "TA"]
[PlyCount "61"]
[EventDate "2019.04.27"]
[EventType "swiss"]
[EventCountry "CZE"]
[SourceTitle "playchess.com"]
[Source "ChessBase"]
[SourceQuality "1"]

{[%evp 16,61,26,-11,24,25,67,0,22,23,56,45,290,-19,-22,-43,21,-30,20,-90,-89,-181,-172,-211,-161,-223,0,-4,8,14,22,11,42,17,21,0,33,0,0,-59,0,0,57,-8,470,461,29996,29997]} 1. d4 d5 2. c4 c6 3. Nf3 Nf6 4. Nc3 dxc4 5. a4 Bf5 6. e3 e6 7. Bxc4 Bb4 8. O-O O-O 9. Bd3 Nbd7 {D18: Slav Defence: 5 a4 Bf5 6 e3} (9... Bxd3 10. Qxd3 Na6 11. Bd2 c5 12. Qb5 Qe7 13. Rfd1 Rac8 14. Rac1 {½-½ (14) Velicka,P (2413)-Bures,J (2377) Czechia 2014}) 10. e4 Bg6 11. Bg5 (11. e5 $14) 11... Qb6 $146 {The position is equal.} ({Predecessor:} 11... h6 12. Bh4 Qc7 13. Qc2 a6 14. Bg3 Qa5 15. Ne5 Nxe5 16. Bxe5 Nd7 17. Rad1 Nxe5 18. dxe5 Qxe5 {0-1 (27) Bertalan,L (1416)-Csalami,G (1765) Budapest 2013}) 12. e5 Nd5 13. Nxd5 cxd5 $2 {[#]} (13... exd5 $14 14. Bxg6 fxg6) 14. Bb5 $2 (14. a5 $1 $18 {[%cal Ra5b6][%mdl 512]} Bxa5 15. Bxg6) 14... Nb8 $11 15. Nh4 Nc6 (15... Be4 $15) 16. Be3 (16. Nxg6 $142 hxg6 17. Be3) 16... Rac8 17. f4 (17. Nxg6 $11 {remains equal.} hxg6 18. h4) 17... Be4 $17 18. Bxc6 (18. Rf2 $17) 18... Rxc6 $19 ({Don't do} 18... bxc6 19. f5 $17) 19. f5 {[#]} exf5 $1 20. Nxf5 (20. Rf2 {was worth a try.}) 20... Rfc8 $2 ({Better is} 20... Rc2 $19 21. Nh4 Be7) 21. Qg4 {[%csl Gf5][%cal Rg4g7]} Bxf5 22. Rxf5 Qd8 23. Raf1 R8c7 24. Bg5 $40 {[%mdl 128] White mounts an attack.} Qc8 25. Qf3 {[%cal Rf5f7]} Qe6 (25... h6 $5 {[%cal Rh6g5]} 26. Be3 Qe6 $11) 26. h4 (26. Qg3 $5 {[%cal Rg5d8]}) 26... Rc2 27. Bd8 ({White should play} 27. Qb3 $11 R2c4 28. Be3) 27... Rd7 (27... Rc8 $15 28. Bg5 h6) 28. Bf6 $11 g6 ({But not} 28... gxf6 $2 29. Qg3+ Kf8 30. Rxf6 $18) (28... Rdc7 $11) 29. Qe3 (29. Rf4 $14) 29... Bd2 $2 {[%mdl 8192] [#]} (29... Rdc7 $11 {and Black has nothing to worry.}) 30. Qd3 $1 $18 {[%cal Rd3c2]} gxf5 (30... Rdc7 $18) 31. Qg3+ {Accuracy: White = 14%, Black = 16%.} 1-0

[Event "Ostravsky Konik-A 2019"]
[Site "Ostrava"]
[Date "2019.04.27"]
[Round "1.6"]
[White "Muzik, Martin"]
[Black "Dostal, Radim"]
[Result "1-0"]
[WhiteElo "2160"]
[BlackElo "1987"]
[Annotator "TA"]
[PlyCount "65"]
[EventDate "2019.04.27"]
[EventType "swiss"]
[EventCountry "CZE"]
[SourceTitle "playchess.com"]
[Source "ChessBase"]
[SourceQuality "1"]

{[%evp 10,65,-21,-28,-6,-23,-10,-29,-18,-25,-13,-27,-16,-21,1,-29,-8,-79,7,-5,76,43,257,272,248,253,270,270,262,248,258,242,339,339,331,331,218,220,220,202,254,247,257,256,385,375,415,415,381,335,332,163,163,163,163,127,1251,1172]} 1. e4 e6 2. b3 d5 3. Bb2 dxe4 4. Nc3 Nf6 5. Qe2 Bb4 6. O-O-O Qe7 {C00: French: Unusual White 2nd moves} (6... Bxc3 7. dxc3 Qe7 8. g4 e5 9. g5 Ng4 10. f4 exf4 11. Bh3 f3 12. Nxf3 h5 13. Nd2 e3 14. Nc4 {½-½ (56) Alonso Gonzalez,C (2497)-Turkov,V (2522) ICCF email 2009}) 7. g4 Ba3 8. Nxe4 $146 ({Predecessor:} 8. g5 Nd5 9. h4 Nxc3 10. dxc3 Qc5 11. Qxe4 Bxb2+ 12. Kxb2 Qxf2 13. Bd3 Nc6 14. Nh3 {½-½ (35) Conflitti,A (1792)-Lam King Wai,D (2022) Caleta 2012}) 8... a5 {Black has an edge.} 9. Nxf6+ Qxf6 {[%csl Ga3][%cal Rf6b2] [#]} 10. d4 Bxb2+ 11. Kxb2 Nc6 12. c3 O-O 13. Bg2 {[#]} (13. Nf3 $11) 13... Bd7 (13... e5 $1 $17 {[%cal Re5d4]} 14. dxe5 Nxe5) 14. Nf3 Rfb8 (14... a4 $11 {keeps the balance.}) 15. h4 b5 $2 (15... a4 $14) 16. Ne5 $18 Nxe5 17. dxe5 Qe7 18. Bxa8 Rxa8 19. Qe4 Rb8 20. Rh3 Qe8 (20... h6 $142 21. g5 h5) 21. h5 Bc6 22. Qf4 a4 23. Qb4 Bd5 24. g5 axb3 25. axb3 Ra8 26. Ra1 Rxa1 (26... Rc8 {keeps fighting.} 27. h6 Qd7) 27. Kxa1 {[%mdl 4096] Endgame KQR-KQB} c5 28. Qxc5 Bxb3 {( -> ...Qa8+)} 29. Qa7 Bc4 30. Rf3 (30. Rh4 $142) 30... Be2 31. Rf4 Bxh5 32. Rd4 Qc8 $2 {[%mdl 8192]} (32... h6 $16) 33. Qa5 {Accuracy: White = 53%, Black = 30%.} 1-0

[Event "Ostravsky Konik-A 2019"]
[Site "Ostrava"]
[Date "2019.04.27"]
[Round "1.7"]
[White "Pech, Vaclav"]
[Black "Shilov, Sergej"]
[Result "0-1"]
[WhiteElo "1979"]
[BlackElo "2158"]
[Annotator "TA"]
[PlyCount "74"]
[EventDate "2019.04.27"]
[EventType "swiss"]
[EventCountry "CZE"]
[SourceTitle "playchess.com"]
[Source "ChessBase"]
[SourceQuality "1"]

{[%evp 11,74,10,21,16,41,36,41,21,51,46,62,39,48,39,80,66,73,70,69,31,32,24,30,0,47,17,51,42,46,0,0,0,0,0,8,0,0,0,0,0,151,156,163,152,161,133,150,143,156,135,125,97,91,79,150,-67,-56,-58,-65,-113,-107,-396,-262,-248,-166]} 1. Nf3 c5 2. e4 a6 3. c3 e6 4. d4 d5 5. exd5 exd5 6. Be2 Nc6 7. O-O {B22: Sicilian: 2 c3} Bd6 8. dxc5 (8. c4 Nge7 9. Nc3 cxd4 10. Nxd5 Bc5 11. Nxe7 Bxe7 12. h3 O-O 13. Bd3 Be6 14. Re1 Bf6 {½-½ (42) Swiercz,D (2636)-Cordova,E (2637) Atlantic City 2016}) 8... Bxc5 9. Nbd2 {White is slightly better.} Nge7 10. Nb3 Bd6 11. Bg5 f6 12. Bh4 Nf5 $146 ({Predecessor:} 12... Be6 13. Nfd4 Bf7 14. Bg4 O-O 15. Ne6 Bxe6 16. Bxe6+ {½-½ (34) Svatos,J (2370)-Kacirek,P Pardubice 1992}) 13. Bg3 Nxg3 14. hxg3 Bc7 15. Nfd4 (15. Qc2 {is interesting.} O-O 16. Rad1 Qd6 17. c4 Bg4 18. a3) 15... O-O 16. Nxc6 bxc6 17. Bf3 Qd6 18. Re1 a5 {[#]} 19. c4 $1 {[%mdl 512]} Rd8 (19... dxc4 20. Qxd6) 20. c5 Qd7 21. Nd4 Be5 22. Re3 Rb8 23. Rb3 Rb4 24. Rxb4 axb4 25. a4 f5 $2 (25... bxa3 $1 $11 26. Rxa3 h6) 26. Qd2 $16 Ba6 27. Re1 Bxd4 28. Qxd4 Bc4 29. g4 Rf8 30. gxf5 Qxf5 31. Re7 {[%csl Ge7][%cal Rd4g7]} Qg5 32. Re3 Rf4 {[#]} (32... b3 $142) 33. Qe5 $2 ({White should play} 33. Qd2 $1 $16) 33... Qxe5 $15 34. Rxe5 Kf7 35. Bd1 Rd4 36. Bc2 $2 {[%mdl 8192]} (36. Re1 $17 {was the only defense.}) 36... Rd2 37. Bxh7 Rxb2 {Accuracy: White = 44%, Black = 38%.} 0-1

[Event "Ostravsky Konik-A 2019"]
[Site "Ostrava"]
[Date "2019.04.27"]
[Round "1.8"]
[White "Lys, Josef"]
[Black "Suchomelova, Simona"]
[Result "1-0"]
[WhiteElo "2151"]
[BlackElo "1966"]
[Annotator "TA"]
[PlyCount "119"]
[EventDate "2019.04.27"]
[EventType "swiss"]
[EventCountry "CZE"]
[SourceTitle "playchess.com"]
[Source "ChessBase"]
[SourceQuality "1"]

{[%evp 17,119,20,55,22,44,21,54,16,37,35,68,0,7,0,0,0,8,0,2,-16,30,17,70,0,17,0,56,21,43,44,107,35,85,47,85,2,0,-10,0,-4,60,43,57,15,52,-14,-14,-97,-14,-25,-7,-96,-83,-141,-162,-195,-60,-49,-56,-34,35,50,128,135,123,118,337,315,307,322,344,339,297,313,322,314,306,304,403,373,375,360,354,337,350,324,314,279,278,279,1116,1029,2004,4234,5002,3464,29980,2375,1643,1612,2079,1766,29976,5097]} 1. d4 Nf6 2. c4 g6 3. Nf3 Bg7 4. g3 O-O 5. Bg2 d6 6. O-O c6 7. h3 Nbd7 8. Nc3 e5 9. e4 Qc7 10. b3 {E69: King's Indian: Fianchetto: 6...Nbd7 7 0-0 e5 8 e4 c6 9 h3} (10. Be3 exd4 11. Nxd4 Re8 12. Qc2 a5 13. Rad1 Nc5 14. b3 Bd7 15. Rfe1 {½-½ (15) Sanchez,S (2416)-Escobar Forero,A (2468) Bogota 2018}) 10... Rd8 11. Ba3 $146 ({Predecessor:} 11. Bb2 a5 12. Re1 exd4 13. Nxd4 Nc5 14. Qc2 Qb6 15. Rad1 a4 16. Kh2 axb3 17. axb3 Ne6 18. Nxe6 Bxe6 19. Ra1 Rxa1 20. Bxa1 Nd7 21. Na4 Qb4 22. Bc3 Bxc3 {½-½ (22) Testa,A (2240)-Mazzilli,P (2340) Arvier 2012}) 11... Nf8 12. Rc1 {White is slightly better.} Ne6 13. d5 Nf8 14. dxc6 (14. Rc2 $14) 14... bxc6 $11 15. Qd3 Ne6 16. Rfd1 {[%cal Ra3d6]} Bf8 17. b4 Bb7 18. Bb2 Rd7 19. a3 Rad8 (19... Re8 $11) 20. Qe3 (20. Nd5 $1 $14 cxd5 21. cxd5) 20... Qb8 21. Rd2 Ne8 (21... a5 $11) 22. Rcd1 {With the idea Nxe5!} f6 23. h4 N8c7 (23... Rf7 $14) 24. Bh3 (24. h5 $16) 24... Qa8 25. b5 c5 26. Nd5 (26. h5 $16) 26... Rf7 27. a4 Nxd5 28. cxd5 Ng7 ({Black should play} 28... Nd4 $11) 29. Bc3 Bc8 30. Bf1 Be7 31. Ra1 (31. Bc4 $14) 31... f5 32. Ng5 (32. Bxe5 $11 {remains equal.} dxe5 33. Nxe5 fxe4 34. Nxf7 Kxf7 35. Qxe4) 32... Bxg5 (32... f4 $17 33. Qe1 Bxg5 34. hxg5 Rdf8) 33. Qxg5 Rdf8 34. f4 (34. Bg2 $11 {keeps the balance.}) 34... fxe4 $17 {aiming for ...Qb7.} 35. fxe5 ({White should try} 35. Bg2 exf4 36. Bxe4 fxg3 37. Re1) 35... Rf3 36. Rc1 {[#] Black must now prevent Bg2.} Nh5 (36... Nf5 $1 $19 37. g4 Ng3) 37. Rg2 $1 $15 Bh3 38. exd6 {Threatens to win with d7!} Bxg2 ({Better is} 38... R3f5 $15 39. Qe3 (39. Qe7 R8f7 $17) 39... Qc8) 39. Bxg2 $14 Rxg3 (39... R3f5 $1 $14 40. Qe7 Re8) 40. Qe5 $16 {Qh8+ would kill now.} Rxc3 41. Rxc3 Re8 $2 (41... Qd8 $16) 42. Qg5 $18 Qd8 43. Qxd8 Rxd8 44. Bxe4 ({Weaker is} 44. Rxc5 e3 $18) 44... Rxd6 45. Rxc5 {[%mdl 4096] Endgame KRB-KRN} Nf6 46. Bf3 Kf7 47. Kf2 h6 48. Ke3 g5 49. hxg5 hxg5 50. Kd4 g4 51. Bg2 Rd7 52. Ke5 Re7+ {[#]} 53. Kf5 $1 {d6 is the strong threat.} Re2 $2 (53... Rd7 54. a5 Ke7) 54. Rc7+ {[%mdl 64] Double Attack} Ke8 55. Kxf6 Rxg2 56. Rxa7 Rd2 57. Ke6 (57. b6 $142 Rb2 58. b7 Kd8 59. Ra8+ Kd7 60. b8=Q Rxb8 61. Rxb8 Kc7 62. Rb1) 57... Re2+ 58. Kd6 g3 59. a5 g2 60. Rg7 {Accuracy: White = 25%, Black = 28%.} 1-0